This is my word: : A and [Omega]: the gospel of Jesus: the Christ-revelation which true Christian the world over have come to know: with a brief autobiography of Gabriele, the prophetess and emissary of God for our time
Gespeichert in:
| 1. Verfasser: | |
|---|---|
| Format: | Buch |
| Sprache: | Englisch |
| Veröffentlicht: |
, 2011
|
| Tags: |
Tag hinzufügen
Keine Tags, Fügen Sie den ersten Tag hinzu!
|
MARC
| LEADER | 00000nam a22000007a 4500 | ||
|---|---|---|---|
| 008 | 210806b ||||| |||| 00| 0 eng d | ||
| 020 | |a ISBN: 978-1-890841-38-6 | ||
| 100 | |a WORT, Gabriele-Verlag Das. | ||
| 245 | |a This is my word: |b : A and [Omega]: the gospel of Jesus: the Christ-revelation which true Christian the world over have come to know: with a brief autobiography of Gabriele, the prophetess and emissary of God for our time |c / Gabriele-Verlag Das Wort.- Woodbridge, CT |e [Universal life series] |g 106p. | ||
| 260 | |c , 2011 |d [Universal life series] |i 690035 |i 690036-Edu. |l BT180 .W89 |m 1. Jesus Christ – Teachings |m 2. Word of God (Christian theology) |m I. Title. II. Series. |m II. Series | ||
| 500 | |a “Translation of Das 1st Mein Wort” | ||
| 942 | |a lcc |c BK |e j o ifatola |f 06/ 08/ 2021 | ||
| 952 | |0 0 |1 0 |2 lcc |4 0 |6 BT0180 W89 |7 0 |9 2960 |a HOL |b HOL |c AF |d 2021-08-06 |l 0 |o BT180 .W89 |p 2021-66636 |r 2021-08-06 00:00:00 |w 2021-08-06 |y BK | ||
| 952 | |0 0 |1 0 |2 lcc |4 0 |6 BT0180 W89 |7 0 |9 2961 |a ART |b HOL |c AF |d 2021-08-06 |l 0 |o BT180 .W89 |p 2021-66637 |r 2021-08-06 00:00:00 |w 2021-08-06 |y BK | ||
| 999 | |c 1499 |d 1499 | ||